Are men necessary? : (Record no. 182160)

MARC details
000 -LEADER
fixed length control field 00924cam a22002774a 4500
001 - CONTROL NUMBER
control field vtls003114101
003 - CONTROL NUMBER IDENTIFIER
control field MY-SjTCS
005 - DATE AND TIME OF LATEST TRANSACTION
control field 20200226121408.0
008 - FIXED-LENGTH DATA ELEMENTS--GENERAL INFORMATION
fixed length control field 110218s2005 enk 000 0 eng
020 ## - INTERNATIONAL STANDARD BOOK NUMBER
International Standard Book Number 0399153322
035 ## - SYSTEM CONTROL NUMBER
System control number 14078516
039 #9 - LEVEL OF BIBLIOGRAPHIC CONTROL AND CODING DETAIL [OBSOLETE]
Level of rules in bibliographic description 201102181335
Level of effort used to assign nonsubject heading access points VLOAD
Level of effort used to assign subject headings 200807171628
Level of effort used to assign classification pushpa
-- 200807051136
-- malathy
082 00 - DEWEY DECIMAL CLASSIFICATION NUMBER
Classification number 305.30973090511
Item number DOW
100 1# - MAIN ENTRY--PERSONAL NAME
Personal name Dowd, Maureen.
9 (RLIN) 104803
245 10 - TITLE STATEMENT
Title Are men necessary? :
Remainder of title when sexes collide /
Statement of responsibility, etc. Maureen Dowd.
260 ## - PUBLICATION, DISTRIBUTION, ETC.
Place of publication, distribution, etc. London :
Name of publisher, distributor, etc. Headline Pub.,
Date of publication, distribution, etc. c2005.
300 ## - PHYSICAL DESCRIPTION
Extent 338 p. ;
Dimensions 20 cm.
650 #0 - SUBJECT ADDED ENTRY--TOPICAL TERM
Topical term or geographic name entry element Sex role
Geographic subdivision United States.
650 #0 - SUBJECT ADDED ENTRY--TOPICAL TERM
Topical term or geographic name entry element Man-woman relationships
Geographic subdivision United States.
650 #0 - SUBJECT ADDED ENTRY--TOPICAL TERM
Topical term or geographic name entry element Feminism
Geographic subdivision United States.
9 (RLIN) 11059
650 #0 - SUBJECT ADDED ENTRY--TOPICAL TERM
Topical term or geographic name entry element Women
Geographic subdivision United States.
650 #0 - SUBJECT ADDED ENTRY--TOPICAL TERM
Topical term or geographic name entry element Men
Geographic subdivision United States.
650 #0 - SUBJECT ADDED ENTRY--TOPICAL TERM
Topical term or geographic name entry element Popular culture
Geographic subdivision United States.
9 (RLIN) 8993
651 #0 - SUBJECT ADDED ENTRY--GEOGRAPHIC NAME
Geographic name United States
General subdivision Social conditions
Chronological subdivision 21st century.
9 (RLIN) 25227
920 ## - Programme
Programme MCS : 204097
Holdings
Withdrawn status Lost status Source of classification or shelving scheme Damaged status Not for loan Home library Current library Date acquired Total Checkouts Barcode Date last seen Date last checked out Copy number Uniform Resource Identifier Koha item type Public note
    Dewey Decimal Classification     Taylor's Library-TU Taylor's Library-TU 05/07/2008 13 5000027422 12/12/2019 10/01/2011 1 Floor 3, Shelf 4 , Side 2, TierNo 1, BayNo 4 Main Collection SOMAC,09030,02,GR